LDR 01106naa#a2200229#i#450# 001 RU\\bibl\126656 005 20260701074611.3 011 ## _a2074-9414 100 ## _a20260630b2026####ek#y0rusy0150####ca 101 0# _aRUS 102 ## _aRU 200 1# _aАнтипитательные факторы в растительном сырье и пути снижения их содержания _eЖурнальная статья 210 1# _aКемерово _cКемеровский государственный университет _d2026 215 ## _a13 с. 608 ## _aЖурнальная статья _2local 675 ## _aСельское хозяйство. Лесное хозяйство. Охота. Рыбное хозяйство. 63 _zRUS 700 #1 _aАлёхина _gНадежда Николаевна 700 #1 _aАнтипова _gЛюдмила Васильевна 700 #1 _aЛобанов _gВладимир Григорьевич 700 #1 _aПономарева _gЕлена Ивановна 700 #1 _aНартова _gВалерия Николаевна 856 4# _amoloprom.kemsu.ru _u